Normal view
MARC view
- Hakala-Ausperk, Catherine
Entry Personal Name
001 - CONTROL NUMBER
- control field: 39186
003 - CONTROL NUMBER IDENTIFIER
- control field: OSt
005 - DATE AND TIME OF LATEST TRANSACTION
- control field: 20160131121101.0
008 - FIXED-LENGTH DATA ELEMENTS
- fixed length control field: 160131|| aca||aabn | a|a d
040 ## - CATALOGING SOURCE
- Original cataloging agency: OSt
100 1# - HEADING--PERSONAL NAME
- Personal name: Hakala-Ausperk, Catherine
400 1# - SEE FROM TRACING--PERSONAL NAME
- Personal name: Ausperk, Catherine Hakala-